| 000 | 00907cam a2200253 a 4500 | ||
|---|---|---|---|
| 001 | 82601 | ||
| 003 | BD-RjUL | ||
| 005 | 20240114120818.0 | ||
| 008 | 24 s1900 ii 000 0 per d | ||
| 035 | _a(BD-RjUL)82601 | ||
| 040 |
_aPUL _beng _cPUL _dOCLCQ _dOCLCG _dPUL _dOCLCQ _dDLC |
||
| 041 | _aper/ara | ||
| 082 |
_223 _a492.7 _bSAN 1900 |
||
| 100 | 0 |
_aMuḥammad Saiʻd , _910810 |
|
| 245 | 1 | 0 |
_aنوادر الوصول فى شرح الفصول / ;; Navādir al-vuṣūl fī sharḥ al-Fuṣūl / _cMuḥammad Saiʻdمحمد سعيد |
| 246 | 3 | _aNawādir al-wuṣūl fī sharḥ al-Fuṣūl | |
| 260 |
_aKanpur : _bDar matbaa mahya, _c1316 [1900] |
||
| 300 |
_a326 pages ; _c26 cm |
||
| 500 | _aLithographed. | ||
| 500 | _aCommentary on M. Akbar Ilāhābādi's Fuṣūl-i Akbarī. | ||
| 650 | 0 |
_aArabic language _xGrammar. |
|
| 700 | 1 |
_aʻAbd al-Aḥad, Muḥammad. _910811 |
|
| 942 |
_2ddc _cBK |
||
| 999 |
_c82601 _d82601 |
||